Open Data Biblioteca Nacional de Portugal


República Portuguesa: Ministério da Cultura
Biblioteca Nacional de Portugal

Catálogo da BNP: acesso por Identificadores Unívocos
Registos Bibliográficos associados ao registo de autoridade

Etiqueta de registo: 00230nam 2200025 450
001 1776380
003 http://id.bnportugal.gov.pt/bib/catbnp/1776380
010 ## $a978-972-47-3294-7-3
100 ## $a20110406e20092007d y0pory0103 ba
101 0# $aeng
102 ## $aPT
105 ## $aa j 000yy
106 ## $ar
200 1# $aBetting on friendship$eleitura extensiva profile$einglês, 8º ano$fCatarina Chase Aleixo$gil. Rui Ricardo
205 ## $a1ª ed.,$b5ª tir
210 #9 $aLisboa$cTexto,$d2009
215 ## $a16 p.$cil.$d21 cm
606 ## $aLíngua inglesa$j[Manuais de ensino básico]$2SIPOR$38791
675 ## $a811.111(075.2)$vBN$zpor$31185425
675 ## $a373.34(469)$vBN$zpor$31217799
700 #1 $aAleixo,$bCatarina Chase$31216516
702 #1 $aRicardo,$bRui$4440$3937417
801 #0 $aPT$bBN$gRPC
900 ## $aBIBNAC$d20111103
966 ## $lBN$mFGMON$sL. 109010 V.$x1
966 ## $lBN$mFGMON$sL. 109010 V.-D$x1

Etiqueta de registo: 00230nam 2200025 450
001 1745234
003 http://id.bnportugal.gov.pt/bib/catbnp/1745234
010 ## $a978-111-11-1420-6
100 ## $a20100505e2008 d y0pory0103 ba
101 0# $aeng
102 ## $aPT
105 ## $aa j 000yy
106 ## $ar
200 1# $aMagic$einglês, 5º ano$etest book$fClara Santos Bustorff, Catarina Chase Aleixo
205 ## $a1ª ed.,$b2ª tir
210 #9 $aLisboa$cTexto,$d2008
215 ## $a24 p.$cil.$d30 cm
606 ## $aLíngua inglesa$j[Testes de avaliação de ensino básico]$2SIPOR$31266949
675 ## $a811.111(079)$vBN$zpor$3704283
675 ## $a373.32(469)$vBN$zpor$31216498
700 #1 $aBustorff,$bClara Santos$318412
701 #1 $aAleixo,$bCatarina Chase$4070$31216516
801 #0 $aPT$bBN$gRPC
900 ## $aBIBNAC$d20100722
966 ## $lBN$mFGMON$sL. 103699 V.$x1

Etiqueta de registo: 00230nam 2200025 450
001 1742072
003 http://id.bnportugal.gov.pt/bib/catbnp/1742072
010 ## $a978-972-47-2419-5
100 ## $a20100330e2008 m y0pory0103 ba
101 0# $aeng
102 ## $aPT
105 ## $aa j 000yy
106 ## $ar
200 1# $aMagic$eteacher's book$einglês, 5º ano$fClara Santos Bustorff, Catarina Chase Aleixo
205 ## $a1ª ed.,$b2ª tir
210 #9 $aLisboa$cTexto,$d2008
215 ## $a96 p.$cil.$d30 cm
606 ## $aLíngua inglesa$j[Manuais do professor]$2SIPOR$3102529
675 ## $a811.111(075.2)$vBN$zpor$31185425
675 ## $a371.3(075.2)$vBN$zpor$31216497
675 ## $a373.33(469)$vBN$zpor$31217552
700 #1 $aBustorff,$bClara Santos$318412
701 #1 $aAleixo,$bCatarina Chase$4070$31216516
801 #0 $aPT$bBN$gRPC
900 ## $aBIBNAC$d20100524
966 ## $lBN$mFGMON$sL. 103154 V.$x1

Etiqueta de registo: 00230nam 2200025 450
001 1699299
003 http://id.bnportugal.gov.pt/bib/catbnp/1699299
010 ## $a978-972-47-3291-6-3
100 ## $a20090112d2007 m y0pory0103 ba
101 0# $aeng
102 ## $aPT
105 ## $aa j 000yy
106 ## $ar
200 1# $aDeep trouble down under$eleitura extensiva Cool Zone$einglês$e8º ano$fCatarina Chasse Aleixo, Isabel Teixeira, Paula Menezes
205 ## $a1ª ed.$b 1ª tir
210 #9 $aLisboa$cTexto,$d2007
215 ## $a32 p.$cil.$d21 cm
700 #1 $aAleixo,$bCatarina Chase$31216516
701 #1 $92$aTeixeira,$bIsabel$4070$31088503
701 #1 $aMeneses,$bPaula,$f1967-$4070$31088505
801 #0 $aPT$bBN$gRPC
966 ## $lBN$mFGMON$x1

Etiqueta de registo: 00230nam 2200025 450
001 1699297
003 http://id.bnportugal.gov.pt/bib/catbnp/1699297
010 ## $a978-972-47-3294-7-3
100 ## $a20090112d2007 m y0pory0103 ba
101 0# $aeng
102 ## $aPT
105 ## $aa j 000yy
106 ## $ar
200 1# $aBetting on frendship$eleitura extensiva profile$einglês$e8º ano$fCatarina Chasse Aleixo
205 ## $a1ª ed.$b 1ª tir
210 #9 $aLisboa$cTexto,$d2007
215 ## $a16 p.$cil.$d21 cm
700 #1 $aAleixo,$bCatarina Chase$31216516
801 #0 $aPT$bBN$gRPC
966 ## $lBN$mFGMON$x1

Etiqueta de registo: 00230nam 2200025 450
001 1699243
003 http://id.bnportugal.gov.pt/bib/catbnp/1699243
010 ## $a972-47-2418-2
010 ## $a978-972-47-2418-8
021 ## $aPT$b210209/04
100 ## $a20090109e20072006d y0pory0103 ba
101 0# $aeng
102 ## $aPT
105 ## $aa j 000yy
106 ## $ar
200 1# $aMagic$einglês, 5º ano$eworkbook$fClara Santos Bustorff, Catarina Chase Aleixo
205 ## $a1ª ed.,$b4ª tir
210 #9 $aLisboa$cTexto,$d2007
215 ## $a80 p.$cil.$d30 cm
606 ## $aLíngua inglesa$j[Exercícios]$2SIPOR$321777
675 ## $a811.111(075.2)$vBN$zpor$31185425
675 ## $a373.33(469)$vBN$zpor$31217552
700 #1 $aBustorff,$bClara Santos$318412
701 #1 $aAleixo,$bCatarina Chase$4070$31216516
801 #0 $aPT$bBN$gRPC
900 ## $aBIBNAC$d20130602
966 ## $lBN$mFGMON$sL. 96662 V.$x1

Etiqueta de registo: 00230nam 2200025 450
001 1674790
003 http://id.bnportugal.gov.pt/bib/catbnp/1674790
010 ## $a972-47-2418-2
021 ## $aPT$b210209/04
100 ## $a20080110e2006 d y0pory0103 ba
101 0# $aeng
102 ## $aPT
105 ## $aa z 000yy
106 ## $ar
200 1# $aMagic$einglês$eworkbook$e5º ano$fClara Santos Bustorff, Catarina Chase Aleixo
205 ## $a1ª ed.,$b3ª tir
210 #9 $aLisboa$cTexto,$d2006
215 ## $a80 p.$cil.$d30 cm
606 ## $aLíngua inglesa$j[Exercícios]$2SIPOR$321777
675 ## $a811.111(075.2)$vBN$zpor$31185425
675 ## $a373.33(469)$vBN$zpor$31217552
700 #1 $aBustorff,$bClara Santos$318412
701 #1 $aAleixo,$bCatarina Chase$4070$31216516
801 #0 $aPT$bBN$gRPC
900 ## $aBIBNAC$d20130602
966 ## $lBN$mFGMON$sL. 92355 V.$x1

Etiqueta de registo: 00230nam 2200025 450
001 1332454
003 http://id.bnportugal.gov.pt/bib/catbnp/1332454
010 ## $a972-47-2418-2
021 ## $aPT$b210209/04
100 ## $a20050923d2004 d y0pory0103 ba
101 0# $aeng
102 ## $aPT
105 ## $aa z 001yy
106 ## $ar
200 1# $aMagic$einglês$eworkbook$e5º ano$fClara Santos Bustorff, Catarina Chase Aleixo
205 ## $a1ª ed.,$b1ª tir
210 #9 $aLisboa$cTexto,$d2004
215 ## $a80 p.$cil.$d30 cm
606 ## $aLíngua inglesa$j[Exercícios]$2SIPOR$321777
675 ## $a811.111(075.2)$vBN$zpor$31185425
675 ## $a373.33(469)$vBN$zpor$31217552
700 #1 $aBustorff,$bClara Santos$318412
701 #1 $aAleixo,$bCatarina Chase$4070$31216516
900 ## $aBIBNAC$d20130602
966 ## $lBN$mFGMON$sL. 84467 V.$x1

Etiqueta de registo: 00230nam 2200025 450
001 1776369
003 http://id.bnportugal.gov.pt/bib/catbnp/1776369
010 ## $a978-972-47-2989-3-4
100 ## $a20110406e20092006cd y0pory0103 ba
101 0# $aeng
102 ## $aPT
105 ## $aa j 000yy
106 ## $ar
200 1# $aTime in the tower$eleitura extensiva Profile$einglês, 7º ano$fCatarina Chase Aleixo$gil. Rui Ricardo
205 ## $a1ª ed.,$b6ª tir
210 #9 $aPorto$cPorto Editora,$d2009
215 ## $a16 p.$cil.$d21 cm
606 ## $aLíngua inglesa$j[Manuais de ensino básico]$2SIPOR$38791
675 ## $a811.111(075.2)$vBN$zpor$31185425
675 ## $a373.34(469)$vBN$zpor$31217799
700 #1 $aAleixo,$bCatarina Chase$31216516
702 #1 $aRicardo,$bRui$4440$3937417
801 #0 $aPT$bBN$gRPC
900 ## $aBIBNAC$d20111103
966 ## $lBN$mFGMON$sL. 109013 V.$x1
966 ## $lBN$mFGMON$sL. 109013 V.-D$x1

Etiqueta de registo: 00230nam 2200025 450
001 1391703
003 http://id.bnportugal.gov.pt/bib/catbnp/1391703
010 ## $a972-47-2418-2
021 ## $aPT$b210209/04
100 ## $a20061214e2005 d y0pory0103 ba
101 0# $aeng
102 ## $aPT
105 ## $aa z 001yy
106 ## $ar
200 1# $aMagic$einglês$eworkbook$e5º ano$fClara Santos Bustorff, Catarina Chase Aleixo
205 ## $a1ª ed.,$b2ª tir
210 #9 $aLisboa$cTexto,$d2005
215 ## $a80 p.$cil.$d30 cm
606 ## $aLíngua inglesa$j[Exercícios]$2SIPOR$321777
675 ## $a811.111(075.2)$vBN$zpor$31185425
675 ## $a373.33(469)$vBN$zpor$31217552
700 #1 $aBustorff,$bClara Santos$318412
701 #1 $aAleixo,$bCatarina Chase$4070$31216516
801 #0 $aPT$bBN$gRPC
900 ## $aBIBNAC$d20130602
966 ## $lBN$mFGMON$sL. 88998 V.$x1

Etiqueta de registo: 00000nam 2200025 450
001 1978412
003 http://id.bnportugal.gov.pt/bib/catbnp/1978412
010 ## $a978-989-8729-45-3
021 ## $aPT$b430406/17
100 ## $a20171214d2017 m y0pory01030103ba
101 0# $aeng
102 ## $aPT
105 ## $aa z 000yy
106 ## $ar
200 1# $a The best food of Madeira$fRaquel Mouta, Nuno Seabra Lopes$gtrad. Catarina Chase Aleixo
205 ## $a1st
210 #9 $aLisboa$cZestbooks,$dcop. 2017
215 ## $a[40] p.$cil.$d19 cm
675 ## $a641.56(469.8)(083.1)$vBN$zpor$31487923
700 #1 $aMouta,$bRaquel$31009112
701 #1 $aLopes,$bNuno Seabra$4070$31592588
702 #1 $aAleixo,$bCatarina Chase$4730$31216516
801 #0 $aPT$bBN$gRPC
856 41 $uhttp://rnod.bnportugal.gov.pt/ImagesBN/winlibimg.aspx?skey=&doc=1978412&img=105401&save=true
900 ## $aBIBNAC$d20180103
966 ## $lBN$mFGMON$sS.A. 58010 P.$x1
966 ## $lBN$mFGMON$sS.A. 58010 P.-D$x1

Etiqueta de registo: 00000nam 2200025 450
001 1919913
003 http://id.bnportugal.gov.pt/bib/catbnp/1919913
010 ## $a978-989-8729-30-9
021 ## $aPT$b397454/15
100 ## $a20160116d2015 m y0pory01030103ba
101 0# $apor$aeng
102 ## $aPT
105 ## $aa z 000yy
106 ## $ar
200 1# $aStreet art Portugal$fil. Pedro Soares Neves$gtrad. Catarina Aleixo
205 ## $a1ª ed
210 #9 $aLisboa$cZest,$d2015
215 ## $a225, [7] p.$cmuito il.$d14 x 20 cm
305 ## $aEd. bilingue em português e inglês
312 ## $aTít. da lombada: Best of street art Portugal 2014
516 1# $aBest of street art Portugal 2014
675 ## $a7.021.3A/Z(=1:469)"20"(083.82)$vBN$zpor$31634639
675 ## $a75.052A/Z(=1:469)"20"(083.82)$vBN$zpor$31634640
702 #1 $aNeves,$bPedro Soares,$f1976-$4440$31589567
702 #1 $aAleixo,$bCatarina Chase$4730$31216516
801 #0 $aPT$bBN$gRPC
856 41 $uhttp://rnod.bnportugal.gov.pt/ImagesBN/winlibimg.aspx?skey=&doc=1919913&img=72335&save=true
966 ## $lBN$mFGMON$sB.A. 10357 P.$x1
966 ## $lBN$mFGMON$sB.A. 10357 P.-D$x1

Etiqueta de registo: 00230nam 2200025 450
001 1966575
003 http://id.bnportugal.gov.pt/bib/catbnp/1966575
010 ## $a978-111-11-4348-0
021 ## $aPT$b421022/17
100 ## $a20170703d2017 d y0pory01030103ba
101 0# $aeng
102 ## $aPT
105 ## $aa j 000yy
106 ## $ar
200 1# $aBest friends, 3 short stories$ewhat's up?$einglês, 5º ano$fCatarina Chase Aleixo$gatividades Cristina Costa, Isabel Teixeira, Paula Menezes$grev. ling. Diana England
205 ## $a1ª ed.
210 #9 $aLisboa$cTexto,$d2017
215 ## $a23 p.$cil.$d21 cm
675 ## $a811.111(075.2)$vBN$zpor$31185425
675 ## $a821.111-32$vBN$zpor$31183137
700 #1 $aAleixo,$bCatarina Chase$31216516
702 #1 $94$aCosta,$bCristina$4205$31684981
702 #1 $92$aTeixeira,$bIsabel$4205$31088503
702 #1 $aMeneses,$bPaula,$f1967-$4205$31088505
702 #1 $aEngland,$bDiana$4695$31577502
801 #0 $aPT$bBN$gRPC
856 41 $uhttp://rnod.bnportugal.gov.pt/ImagesBN/winlibimg.aspx?skey=&doc=1966575&img=96066&save=true
900 ## $aBIBNAC$d20170724
966 ## $lBN$mFGMON$sL. 140645 V.$x1

Etiqueta de registo: 00000nam 2200025 450
001 1994078
003 http://id.bnportugal.gov.pt/bib/catbnp/1994078
010 ## $a978-989-98492-1-1
021 ## $aPT$b437669/18
100 ## $a20180626d2018 m y0pory01030103ba
101 1# $aeng$cpor
102 ## $aPT
105 ## $aa z 000yy
106 ## $ar
200 1# $a The best portuguese food to cook at home$fed. Raquel Mouta, Nuno Seabra Lopes$gtrad. Catarina Chase Aleixo$gfot. Ricardo Santos, Luís Barros
205 ## $a2ª ed
210 #9 $aLisboa$cZestbooks,$d2018
215 ## $a[42] p.$cil.$d19 cm
675 ## $a641.56(469)(083.1)$vBN$zpor$31232232
702 #1 $aLopes,$bNuno Seabra$4340$31592588
702 #1 $aMouta,$bRaquel$4340$31009112
702 #1 $93$aSantos,$bRicardo$4600$31150069
702 #1 $94$aBarros,$bLuís$4600$31632025
702 #1 $aAleixo,$bCatarina Chase$4730$31216516
801 #0 $aPT$bBN$gRPC
856 41 $uhttp://rnod.bnportugal.gov.pt/ImagesBN/winlibimg.aspx?skey=&doc=1994078&img=112105&save=true
900 ## $aBIBNAC$d20180917
966 ## $lBN$mFGMON$sS.A. 58189 P.$x1
966 ## $lBN$mFGMON$sS.A. 58189 P.-D$x1

Etiqueta de registo: 00000nam 2200025 450
001 1994248
003 http://id.bnportugal.gov.pt/bib/catbnp/1994248
010 ## $a978-111-11-4562-0
021 ## $aPT$b437099/18
100 ## $a20180627d2018 d y0pory01030103ba
101 0# $aeng
102 ## $aPT
105 ## $aa j 000fy
106 ## $ar
200 1# $aOn holiday$e3 short stories$einglês, 6º ano$fCatarina Chase Aleixo
205 ## $a1ª ed
210 #9 $aLisboa$cTexto,$d2018
215 ## $a24 p.$cil.$d24 cm
675 ## $a811.111(075.2)$vBN$zpor$31185425
700 #1 $aAleixo,$bCatarina Chase$31216516
801 #0 $aPT$bBN$gRPC
856 41 $uhttp://rnod.bnportugal.gov.pt/ImagesBN/winlibimg.aspx?skey=&doc=1994248&img=111177&save=true
900 ## $aBIBNAC$d20180716
966 ## $lBN$mFGMON$sL. 144479 V.$x1

Etiqueta de registo: 00000nam 2200025 450
001 1997867
003 http://id.bnportugal.gov.pt/bib/catbnp/1997867
010 ## $a978-989-8729-22-4
021 ## $aPT$b440504/18
100 ## $a20180813d2018 m y0pory01030103ba
101 1# $aeng$cpor
102 ## $aPT
105 ## $aa g 000yy
106 ## $ar
200 1# $aGuide to wine tourism Portugal$fMaria João de Almeida$gtrans. Vasco Galo, Catarina Chase Aleixo
205 ## $a3rd edition
210 #9 $aLisboa$cZest - Books,$d2018
215 ## $a342, [2] p.$cil.$d22 cm
675 ## $a663.2(469)(036)$vBN$zpor$3407149
675 ## $a338.48(469)(036)$vBN$zpor$3650331
700 #1 $aAlmeida,$bMaria João de$31422424
702 #1 $aGato,$bVasco,$f1978-$4730$3983220
702 #1 $aAleixo,$bCatarina Chase$4730$31216516
801 #0 $aPT$bBN$gRPC
856 41 $uhttp://rnod.bnportugal.gov.pt/ImagesBN/winlibimg.aspx?skey=&doc=1997867&img=112741&save=true
900 ## $aBIBNAC$d20181003
966 ## $lBN$mFGMON$sS.A. 169580 V.$x1
966 ## $lBN$mFGMON$sS.A. 169580 V.-D$x1

Etiqueta de registo: 00230nam 2200025 450
001 2002989
003 http://id.bnportugal.gov.pt/bib/catbnp/2002989
010 ## $a978-111-11-3788-5
021 ## $aPT$b387131/15
100 ## $a20181017e20182015e y0pory01030103ba
101 0# $aeng
102 ## $aPT
105 ## $aa j 000yy
106 ## $ar
200 1# $aDiary of a youtuber$einglês, 9º ano$eextensive reading$fCatarina Chase Aleixo$gactivities Isabel Teixeira, Paula Menezes$grev. ling. James Scott
205 ## $a1ª ed.,$b4ª tir
210 #9 $aLisboa$cTexto,$d2018
215 ## $a32 p.$cil.$d21 cm
675 ## $a811.111(075.2)$vBN$zpor$31185425
700 #1 $aAleixo,$bCatarina Chase$31216516
702 #1 $92$aTeixeira,$bIsabel$4070$31088503
702 #1 $aMeneses,$bPaula,$f1967-$4070$31088505
702 #1 $aScott,$bJames$4695$3665221
801 #0 $aPT$bBN$gRPC
856 41 $uhttp://rnod.bnportugal.gov.pt/ImagesBN/winlibimg.aspx?skey=&doc=2002989&img=115636&save=true
900 ## $aBIBNAC$d20181024
966 ## $lBN$mFGMON$sL. 145656 V.$x1

Etiqueta de registo: 00230nam 2200025 450
001 2002978
003 http://id.bnportugal.gov.pt/bib/catbnp/2002978
010 ## $a978-111-11-3455-6
021 ## $aPT$b369709/14
100 ## $a20181017e20182014e y0pory01030103ba
101 0# $aeng
102 ## $aPT
105 ## $aa j 000yy
106 ## $ar
200 1# $aSomething fishy$einglês, 8º ano$eextensive reading$fCatarina Chase Aleixo$gactivities Isabel Teixeira, Paula Menezes$grev. ling. James Scott
205 ## $a1ª ed.,$b4ª tir
210 #9 $aLisboa$cTexto,$d2018
215 ## $a32 p.$cil.$d21 cm
675 ## $a811.111(075.2)$vBN$zpor$31185425
700 #1 $aAleixo,$bCatarina Chase$31216516
702 #1 $92$aTeixeira,$bIsabel$4070$31088503
702 #1 $aMeneses,$bPaula,$f1967-$4070$31088505
702 #1 $aScott,$bJames$4695$3665221
801 #0 $aPT$bBN$gRPC
856 41 $uhttp://rnod.bnportugal.gov.pt/ImagesBN/winlibimg.aspx?skey=&doc=2002978&img=115635&save=true
900 ## $aBIBNAC$d20181024
966 ## $lBN$mFGMON$sL. 145657 V.$x1

Etiqueta de registo: 00000nam 2200025 450
001 2011181
003 http://id.bnportugal.gov.pt/bib/catbnp/2011181
010 ## $a978-989-8729-53-8
021 ## $aPT$b434608/17
100 ## $a20190114d2017 m y0pory01030103ba
101 1# $amul
102 ## $aPT
105 ## $aa g 000yy
106 ## $ar
200 1# $aLisboa, cidade de luz$fcoord. Nuno Seabra Lopes$gtrad. Catarina Chase Aleixo, Joana Cabral, Ângela Barroqueiro
205 ## $a1ª ed
210 #9 $a[Lisboa]$cZestbooks$d2017
215 ## $a44, [1] p.$cil.$d17 cm
675 ## $a908(469.411)(036)$vBN$zpor$31012555
675 ## $a77.03$vBN$zpor$3290160
702 #1 $aLopes,$bNuno Seabra$4340$31592588
702 #1 $aAleixo,$bCatarina Chase$4730$31216516
702 #1 $aCabral,$bJoana,$f1976-$4730$31207610
702 #1 $aBarroqueiro,$bÂngela$4730$31266054
801 #0 $aPT$bBN$gRPC
856 41 $uhttp://rnod.bnportugal.gov.pt/ImagesBN/winlibimg.aspx?skey=&doc=2011181&img=119889&save=true
900 ## $aBIBNAC$d20190130
966 ## $lBN$mFGMON$sH.G. 41499 P.$x1
966 ## $lBN$mFGMON$sH.G. 41499 P.-D$x1

Etiqueta de registo: 00000nam 2200025 450
001 2034586
003 http://id.bnportugal.gov.pt/bib/catbnp/2034586
010 ## $a978-989-8729-39-2
021 ## $aPT$b421646/17
100 ## $a20191125d2017 m y0pory01030103ba
101 0# $apor$aeng
102 ## $aPT
105 ## $aa z 000yy
106 ## $ar
200 1# $aPortugal por Urban Sketchers$enorte a sul e ilhas$dPortugal por Urban Sketchers$efrom north to south and the islands$fUrban Sketchers Portugal$gtrad. Catarina Chase Aleixo$zeng
205 ## $a1ª ed
210 #9 $a[S.l.]$cZest,$d2017
215 ## $a271 p.$cil.$d16 cm
305 ## $aEd. bilingue em português e inglês
510 1# $aPortugal por Urban Sketchers$efrom north to south and the islands$zeng
675 ## $a74/75A/Z$vBN$zpor$31695858
675 ## $a908(469)$vBN$zpor$3984238
702 #1 $aAleixo,$bCatarina Chase$4730$31216516
710 02 $aUrban Sketchers Portugal$31683663
801 #0 $aPT$bBN$gRPC
856 41 $uhttp://rnod.bnportugal.gov.pt/ImagesBN/winlibimg.aspx?skey=&doc=2034586&img=133269&save=true
900 ## $aBIBNAC$d20191218
966 ## $lBN$mFGMON$sB.A. 11301 P.$x1
966 ## $lBN$mFGMON$sB.A. 11301 P.-D$x1

Etiqueta de registo: 00254nam 2200025 450
001 2095219
003 http://id.bnportugal.gov.pt/bib/catbnp/2095219
010 ## $a978-989-99645-5-6
010 ## $a978-989-54636-7-1
021 ## $aPT$b487487/21
100 ## $a20220317d2021 m y0pory01030103ba
101 1# $apor$aeng
102 ## $aPT
105 ## $aa z 000yy
106 ## $ar
200 1# $aLisboa moderna$fAna Tostões$gtrad. Catarina Aleixo
210 #9 $aLisboa$cDocomomo International$cCirco de Ideias,$d2021
215 ## $a224 p.$cil.$d25 cm
305 ## $aEd. biblingue em português e inglês
675 ## $a711.5.025(469.411)"19/20"$vBN$zpor$31840908
675 ## $a72(469.411)"19/20"$vBN$zpor$31840906
700 #1 $aTostões,$bAna,$f1959-$395324
702 #1 $aAleixo,$bCatarina Chase$4730$31216516
801 #0 $aPT$bBN$gRPC
856 41 $uhttp://rnod.bnportugal.gov.pt/ImagesBN/winlibimg.aspx?skey=&doc=2095219&img=163192&save=true
900 ## $aBIBNAC$d20220414
966 ## $lBN$mFGMON$sB.A. 47098 V.$x1
966 ## $lBN$mFGMON$sB.A. 47098 V.-D$x1
971 ## $cfatima$d20220317
972 ## $e1$z0$d20220414$viquintas
973 ## $cmcarvalho$d20220408

Etiqueta de registo: 00254nam 2200025 450
001 2097586
003 http://id.bnportugal.gov.pt/bib/catbnp/2097586
010 ## $a978-989-54636-9-5
021 ## $aPT$z448636/21
100 ## $a20220414d20219999m y0pory01030103ba
101 0# $apor$aeng
102 ## $aPT
105 ## $aa b 000yy
106 ## $ar
200 1# $aIn Conflict.$hVol. 1$f17 ª Exposição Internacional de Arquitectura La Biennale di Veneza$ged. Carlos Azevedo... [et al.] $gtextos João Crisóstomo... [et al.]$gcontrib. Alexandre Alves Costa... [et al.]$grecolha e sel. Miguel Santos, Filipa Magalhães$gtrad. Catarina Chase Aleixo$gfot. José Campos
210 #9 $a[S.l.]$cCirco de Ideias,$dcop. 2021
215 ## $a459, [8] p.$cil.$d20 cm
305 ## $aEd. bilíngue em português e inglês
675 ## $a72A/Z"19/20"(083.82)$vBN$zpor$31843136
675 ## $a72(=1:469)"19/20"(083.82)$vBN$zpor$31333240
675 ## $a061.4$vBN$zpor$3288771
702 #1 $910$aAzevedo,$bCarlos$4340$31842927
702 #1 $93$aCrisóstomo,$bJoão$4070$31842942
702 #1 $aCosta,$bAlexandre Alves,$f1939-$4205$3183150
702 #1 $aSantos,$bMiguel,$f1975-$4220$31741415
702 #1 $92$aMagalhães,$bFilipa$4220$31842945
702 #1 $aAleixo,$bCatarina Chase$4730$31216516
702 #1 $aCampos,$bJosé$4600$31496186
710 02 $aExposição Internacional de Arquitectura La Biennale di Venezia,$d17,$eVeneza,$f2021$31846024
801 #0 $aPT$bBN$gRPC
856 41 $uhttp://rnod.bnportugal.gov.pt/ImagesBN/winlibimg.aspx?skey=&doc=2097586&img=163449&save=true
900 ## $aBIBNAC$d20220421
966 ## $lBN$mFGMON$sB.A. 11609 P.$x1
966 ## $lBN$mFGMON$sB.A. 11609 P.-D$x1
971 ## $cdpenetra$d20220414
972 ## $e2$z0$d20220421$viquintas
973 ## $cmcarvalho$d20220418

Etiqueta de registo: 00254nam 2200025 450
001 2099635
003 http://id.bnportugal.gov.pt/bib/catbnp/2099635
010 ## $a978-989-53415-3-5
021 ## $aPT$z497416/22
100 ## $a20220512d2022 m y0pory01030103ba
101 0# $apor$aeng
102 ## $aPT
105 ## $aa b 000yy
106 ## $ar
200 1# $aIn Conflict.$hVol. 2$f17 ª Exposição Internacional de Arquitectura La Biennale di Veneza$ged. Carlos Azevedo... [et al.] $gtextos João Crisóstomo... [et al.]$grecolha, sel. e trad. Miguel Santos, Filipa Magalhães$gtrad. Catarina Chase Aleixo$gfot. José Campos
210 #9 $a[S.l.]$cCirco de Ideias,$dcop. 2022
215 ## $a297, [7] p.$cil.$d20 cm
305 ## $aEd. bilíngue em português e inglês
675 ## $a72A/Z"19/20"(083.82)$vBN$zpor$31843136
675 ## $a72(=1:469)"19/20"(083.82)$vBN$zpor$31333240
675 ## $a061.4$vBN$zpor$3288771
702 #1 $910$aAzevedo,$bCarlos$4340$31842927
702 #1 $93$aCrisóstomo,$bJoão$4070$31842942
702 #1 $aSantos,$bMiguel,$f1975-$4220$31741415
702 #1 $92$aMagalhães,$bFilipa$4220$31842945
702 #1 $aAleixo,$bCatarina Chase$4730$31216516
702 #1 $aCampos,$bJosé$4600$31496186
710 02 $aExposição Internacional de Arquitectura La Biennale di Venezia,$d17,$eVeneza,$f2021$31846024
801 #0 $aPT$bBN$gRPC
856 41 $uhttp://rnod.bnportugal.gov.pt/ImagesBN/winlibimg.aspx?skey=&doc=2099635&img=164483&save=true
900 ## $aBIBNAC$d20220622
966 ## $lBN$mFGMON$sB.A. 11610 P.$x1
966 ## $lBN$mFGMON$sB.A. 11610 P.-D$x1
971 ## $clrevez$d20220512
972 ## $e0$z0$d20220622$viquintas

Etiqueta de registo: 00000nam 2200025 450
001 2124792
003 http://id.bnportugal.gov.pt/bib/catbnp/2124792
010 ## $a978-989-8729-33-0
021 ## $aPT$b411568/16
100 ## $a20230228d2016 m y0pory01030103ba
101 1# $aeng
102 ## $aPT
105 ## $aa z 000dy
106 ## $ar
200 1# $aAnother side of Fernando Pessoa$fJoão Viegas$gcoord. Raquel Mouta$gtrad. Catarina Chase Aleixo, Vasco Gato, Richard Zenith
205 ## $a1st ed
210 #9 $aLisboa$cZest,$d2016
215 ## $a145 p.$cil.$d21 cm
675 ## $a741.5(=1:469)"20"$vBN$zpor$31625856
675 ## $a821.134.3-7"20"$vBN$zpor$31032568
700 #1 $93$aViegas,$bJoão$31200597
702 #1 $aMouta,$bRaquel$4340$31009112
702 #1 $aAleixo,$bCatarina Chase$4730$31216516
702 #1 $aGato,$bVasco,$f1978-$4730$3983220
702 #1 $aZenith,$bRichard,$f1956-$4730$345514
801 #0 $aPT$bBN$gRPC
856 41 $uhttp://rnod.bnportugal.gov.pt/ImagesBN/winlibimg.aspx?skey=&doc=2124792&img=175354&save=true
900 ## $aBIBNAC$d20230414
966 ## $lBN$mFGMON$sB.A. 48317 V.$x1
966 ## $lBN$mFGMON$sB.A. 48317 V.-D$x1
971 ## $carosa$d20230228
972 ## $e0$z0$d20230414$vasantos
973 ## $caalmeid$d20230301

Etiqueta de registo: 00254nam 2200025 450
001 2203983
003 http://id.bnportugal.gov.pt/bib/catbnp/2203983
010 ## $a978-989-35355-9-2
021 ## $aPT$b541062/24
100 ## $a20250130d2024 m y0pory01030103ba
101 1# $apor$aeng
102 ## $aPT
105 ## $aa b 000yy
106 ## $ar
200 1# $aAr quente e não só$e100 anos de design de secadores de cabelo - a partir da coleção de Jeremy Aston$dNot just hot air$e100 years of blow-dryer design - from the collection of Jeremy Aston$gautor, curador, fot. Jeremy Aston$gfot. Fernando Miranda$gtrad. Hugo Pinto Santos, Catarina Aleixo$zeng
210 #9 $a[S.l.]$cESAD - Idea, Investigação em Design e Arte,$d2024
215 ## $a228, [2] p.$cil.$d19 cm
305 ## $aEd. bilingue em português e inglês
510 1# $aNot just hot air$e100 years of blow-dryer design$zeng
675 ## $a7.05(083.82)$vBN$zpor$31280500
675 ## $a687.53(083.82)$vBN$zpor$31943827
700 #1 $aAston,$bJeremy Hugh$31245056
702 #1 $92$aMiranda,$bFernando$4600$31865454
702 #1 $aSantos,$bHugo Pinto dos$4730$31627721
702 #1 $aAleixo,$bCatarina Chase$4730$31216516
801 #0 $aPT$bBN$gRPC
856 41 $uhttp://rnod.bnportugal.gov.pt/ImagesBN/winlibimg.aspx?skey=&doc=2203983&img=204189&save=true
900 ## $aBIBNAC$d20250225
966 ## $lBN$mFGMON$sB.A. 12372 P.$x1
966 ## $lBN$mFGMON$sB.A. 12372 P.-D$x1
971 ## $cabrito$d20250130
972 ## $d20250225$e0$vlrevez$z0
973 ## $cacosta$d20250205

Etiqueta de registo: 00000nam 2200025 450
001 2226518
003 http://id.bnportugal.gov.pt/bib/catbnp/2226518
010 ## $a978-989-35953-4-3
021 ## $aPT$z5550996/25
100 ## $a20250918d2025 m y0pory01030103ba
101 0# $apor$aeng
102 ## $aPT
105 ## $aa b 000yy
106 ## $ar
200 1# $aFragância e forma$edesign e cultura do perfume$dFragrance and form$edesign and perfume culture$fAndrew Howard, Afonso Oliveira$gtextos Sónia Couto$gfot. Fernando Miranda, Paulo Seabra$gtrad. Andrew Howard, Andreia Faria, Catarina Aleixo$zeng
210 #9 $a[S.l.]$cEsad - Idea, Investigação em Design e Arte,$dD.L. 2025
215 ## $a184, [32] p.$cil.$d30 cm
305 ## $aEd. bilingue em português e inglês
510 1# $aFragrance and form$edesign and perfume culture$zeng
675 ## $a7.05"18/19"(083.82)$vBN$zpor$31836278
675 ## $a665.5"18/19"(083.82)$vBN$zpor$31972356
675 ## $a659.12"18/19"(083.82)$vBN$zpor$31972357
700 #1 $aHoward,$bAndrew$31038015
701 #1 $93$aOliveira,$bAfonso$4070$31766735
702 #1 $aCouto,$bSónia$4070$31968232
702 #1 $92$aMiranda,$bFernando$4600$31865454
702 #1 $93$aSeabra,$bPaulo$4600$31914006
702 #1 $aFaria,$bAndreia$f1984-$4730$31361051
702 #1 $aAleixo,$bCatarina Chase$4730$31216516
801 #0 $aPT$bBN$gRPC
856 41 $uhttp://rnod.bnportugal.gov.pt/ImagesBN/winlibimg.aspx?skey=&doc=2226518&img=215434&save=true
966 ## $lBN$mFGMON$pARAG$x3
966 ## $b002$lBN$mFGMON$sB.A. 52989 V.$x1
966 ## $b002$lBN$mFGMON$sB.A. 52989 V.-D$x1
971 ## $casantos$d20251002
972 ## $e0$z0$d20251003$vlrevez
973 ## $cigoulao$d20251118

Etiqueta de registo: 00254nam 2200025 450
001 2228600
003 http://id.bnportugal.gov.pt/bib/catbnp/2228600
010 ## $a978-989-35953-3-6
021 ## $aPT$b549658/25
100 ## $a20251014d2025 m y0pory01030103ba
101 0# $apor$aeng
102 ## $aPT
105 ## $aa b 000yy
106 ## $ar
200 1# $aArquivo de ilustração portuguesa$etransformações e tendências contemporânea$dArchive of Portuguese ilustration$econtemporary transformations and trends$fJosé Manuel Saraiva$gtextos José Manuel Saraiva, José Bartolo$gfot. Fernando Miranda$gtrad. Catarina Aleixo$zeng
210 #9 $a[S.l.]$cESAD-IDEA, Investigação em Design e Arte,$d2025
215 ## $a377, [3] p.$cil.$d24 cm
305 ## $aEd. bilingue em português e inglês
510 1# $aArchive Portuguese ilustration$econtemporary transformations and trends$zeng
675 ## $a75.056(=1:469)"19/20"(083.82)$vBN$zpor$31622902
675 ## $a766(=1:469)"19/20"(083.82)$vBN$zpor$31728992
675 ## $a75.056(=1:469)"19/20"(042)$vBN$zpor$31972412
700 #1 $94$aSaraiva,$bJosé$31459450
702 #1 $92$aMiranda,$bFernando$4600$31865454
702 #1 $aAleixo,$bCatarina Chase$4730$31216516
702 #1 $aBártolo,$bJosé,$f1972-$4070$31462099
801 #0 $aPT$bBN$gRPC
856 41 $uhttp://rnod.bnportugal.gov.pt/ImagesBN/winlibimg.aspx?skey=&doc=2228600&img=215440&save=true
900 ## $aBIBNAC$d20251127
966 ## $lBN$mFGMON$sB.A. 52986 V.$x1
966 ## $lBN$mFGMON$sB.A. 52986 V.-D$x1
971 ## $cabrito$d20251014
972 ## $e0$z0$d20251127$vasantos
973 ## $caalmeid$d20251118
975 ## $e0$d20251128$viquintas

Etiqueta de registo: 00254nam 2200025 450
001 2284790
003 http://id.bnportugal.gov.pt/bib/catbnp/2284790
010 ## $a978-989-35953-9-8
010 ## $a978-989-36664-1-8
021 ## $aPT$b560028/26
100 ## $a20260420d2026 m y0pory01030103ba
101 1# $aeng
102 ## $aPT
105 ## $aa z 000yy
106 ## $ar
200 1# $aHeal$fPorto Design Biennale Time is Present - Designing the Common$fed. Angela Rui, Matilde Losi$gtexts Angela Rui... [et al.]$gphot. Miguel C. Tavares, Inês D'Orey$gtransl. Andreia Faria, Bennett Bazalgette-Staples, Catarina Chase Aleixo
210 #9 $aPorto$cesad-idea,$d2026
215 ## $a61, [2] p.$cil.$d24 cm
675 ## $a7.079$vBN$zpor$31710579
675 ## $a7.05A/Z(042)$vBN$zpor$31997379
675 ## $a7.05(042)$vBN$zpor$3922018
701 #1 $aRui,$bAngela$4070$31996319
702 #1 $aLosi,$bMatilde$4340$31996347
702 #1 $aTavares,$bMiguel C.$4600$31996320
702 #1 $aBazalgette-Staples,$bBennett$4730$31996325
702 #1 $aAleixo,$bCatarina Chase$4730$31216516
702 #1 $aFaria,$bAndreia$f1984-$4730$31361051
702 #1 $aOrey,$bInês de,$f1977-$4600$3261399
710 12 $aPorto Design Biennale Time is Present - Designing the Common,$d4,$ePorto,$f2025$31996315
801 #0 $aPT$bBN$gRPC
856 41 $uhttp://rnod.bnportugal.gov.pt/ImagesBN/winlibimg.aspx?skey=&doc=2284790&img=222026&save=true
900 ## $aBIBNAC$d20260507
966 ## $lBN$mFGMON$sB.A. 53747 V.$x1
966 ## $lBN$mFGMON$sB.A. 53747 V.-D$x1
971 ## $cabrito$d20260420
972 ## $e0$z0$d20260507$vasantos
973 ## $ctrodrigues$d20260429
975 ## $e0$d20260508$viquintas

Etiqueta de registo: 00254nam 2200025 450
001 2284786
003 http://id.bnportugal.gov.pt/bib/catbnp/2284786
010 ## $a978-989-35953-9-8
010 ## $a978-989-36664-2-5
021 ## $aPT$b560023/26
100 ## $a20260420d2026 m y0pory01030103ba
101 1# $aeng
102 ## $aPT
105 ## $aa z 000yy
106 ## $ar
200 1# $aLove$fPorto Design Biennale Time is Present - Designing the Common$ged. Angela Rui, Matilde Losi$gtexts Angela Rui... [et al.]$gphot. Miguel C. Tavares, Inês D'Orey$gtransl. Andreia Faria, Bennett Bazalgette-Staples, Catarina Chase Aleixo
210 #9 $aPorto$cesad-idea,$d2026
215 ## $a61, [2] p.$cil.$d24 cm
675 ## $a7.05(042)$vBN$zpor$3922018
675 ## $a7.079(469.121)$vBN$zpor$31997238
675 ## $a7.038.5A/Z"19/20"(042)$vBN$zpor$31825883
701 #1 $aRui,$bAngela$4070$31996319
702 #1 $aLosi,$bMatilde$4340$31996347
702 #1 $aTavares,$bMiguel C.$4600$31996320
702 #1 $aOrey,$bInês de,$f1977-$4600$3261399
702 #1 $aFaria,$bAndreia$f1984-$4730$31361051
702 #1 $aBazalgette-Staples,$bBennett$4730$31996325
702 #1 $aAleixo,$bCatarina Chase$4730$31216516
710 12 $aPorto Design Biennale Time is Present - Designing the Common,$d4,$ePorto,$f2025$31996315
801 #0 $aPT$bBN$gRPC
856 41 $uhttp://rnod.bnportugal.gov.pt/ImagesBN/winlibimg.aspx?skey=&doc=2284786&img=222025&save=true
900 ## $aBIBNAC$d20260507
966 ## $lBN$mFGMON$sB.A. 53748 V.$x1
966 ## $lBN$mFGMON$sB.A. 53748 V.-D$x1
971 ## $cabrito$d20260420
972 ## $e0$z0$d20260507$vasantos
973 ## $ctrodrigues$d20260429
975 ## $e0$d20260508$viquintas

Etiqueta de registo: 00000nam 2200025 450
001 2284785
003 http://id.bnportugal.gov.pt/bib/catbnp/2284785
010 ## $a978-989-35953-9-8
010 ## $a978-989-36664-0-1
021 ## $aPT$b560029/26
100 ## $a20260420d2026 m d0pory01030103ba
101 1# $aeng
102 ## $aPT
105 ## $aa z 000yy
106 ## $ar
200 1# $aGather$fPorto Design Biennale Time is Present - Designing the Common$ged. Angela Rui, Matilde Losi$gtexts Angela Rui... [et al.]$gphot. Miguel C. Tavares, Inês D'Orey$gtransl. Andreia Faria, Bennett Bazalgette-Staples, Catarina Chase Aleixo
210 #9 $aPorto$cesad-idea,$d2026
215 ## $a61, [2] p.$cil.$d24 cm
675 ## $a7.05(042)$vBN$zpor$3922018
675 ## $a7.079$vBN$zpor$31710579
675 ## $a7.05A/Z"19/20"(047.53)$vBN$zpor$31897826
701 #1 $aRui,$bAngela$4070$31996319
702 #1 $aLosi,$bMatilde$4340$31996347
702 #1 $aTavares,$bMiguel C.$4600$31996320
702 #1 $aOrey,$bInês de,$f1977-$4600$3261399
702 #1 $aFaria,$bAndreia$f1984-$4730$31361051
702 #1 $aBazalgette-Staples,$bBennett$4730$31996325
702 #1 $aAleixo,$bCatarina Chase$4730$31216516
710 12 $aPorto Design Biennale Time is Present - Designing the Common,$d4,$ePorto,$f2025$31996315
801 #0 $aPT$bBN$gRPC
856 41 $uhttp://rnod.bnportugal.gov.pt/ImagesBN/winlibimg.aspx?skey=&doc=2284785&img=222024&save=true
900 ## $aBIBNAC$d20260507
966 ## $lBN$mFGMON$sB.A. 53749 V.$x1
966 ## $lBN$mFGMON$sB.A. 53749 V.-D$x1
971 ## $ccsilva$d20260420
972 ## $e0$z0$d20260507$vasantos
973 ## $ctrodrigues$d20260429
975 ## $e0$d20260508$viquintas

Etiqueta de registo: 00000nam 2200025 450
001 2284781
003 http://id.bnportugal.gov.pt/bib/catbnp/2284781
010 ## $a978-989-35953-9-8
010 ## $a978-989-36664-6-3
021 ## $aPT$b560026/26
100 ## $a20260420d2026 m d0pory01030103ba
101 1# $aeng
102 ## $aPT
105 ## $aa z 000yy
106 ## $ar
200 1# $aShare$fPorto Design Biennale Time is Present - Designing the Common$ged. Angela Rui, Matilde Losi$gtexts Angela Rui... [et al.]$gphot. Miguel C. Tavares, Inês D'Orey$gtransl. Andreia Faria, Bennett Bazalgette-Staples, Catarina Chase Aleixo
210 #9 $aPorto$cesad-idea,$d2026
215 ## $a45, [2] p.$cil.$d24 cm
675 ## $a7.05(042)$vBN$zpor$3922018
675 ## $a7.038.5A/Z"19/20"(047.53)$vBN$zpor$31997239
675 ## $a7.079$vBN$zpor$31710579
702 #1 $aRui,$bAngela$4070$31996319
702 #1 $aLosi,$bMatilde$4340$31996347
702 #1 $aTavares,$bMiguel C.$4600$31996320
702 #1 $aOrey,$bInês de,$f1977-$4600$3261399
702 #1 $aFaria,$bAndreia$f1984-$4730$31361051
702 #1 $aBazalgette-Staples,$bBennett$4730$31996325
702 #1 $aAleixo,$bCatarina Chase$4730$31216516
710 12 $aPorto Design Biennale Time is Present - Designing the Common,$d4,$ePorto,$f2025$31996315
801 #0 $aPT$bBN$gRPC
856 41 $uhttp://rnod.bnportugal.gov.pt/ImagesBN/winlibimg.aspx?skey=&doc=2284781&img=222023&save=true
900 ## $aBIBNAC$d20260507
966 ## $lBN$mFGMON$sB.A. 53745 V.$x1
966 ## $lBN$mFGMON$sB.A. 53745 V.-D$x1
971 ## $ccsilva$d20260420
972 ## $e0$z0$d20260507$vasantos
973 ## $ctrodrigues$d20260429
975 ## $e0$d20260508$viquintas

Etiqueta de registo: 00000nam 2200025 450
001 2284763
003 http://id.bnportugal.gov.pt/bib/catbnp/2284763
010 ## $a978-989-35953-9-8
010 ## $a978-989-36664-5-6
021 ## $aPT$b560027/26
100 ## $a20260420d2026 m d0pory01030103ba
101 1# $aeng
102 ## $aPT
105 ## $aa z 000yy
106 ## $ar
200 1# $aStand$fPorto Design Biennale Time is Present - Designing the Common$ged. Angela Rui, Matilde Losi$gtexts Angela Rui [et al.]$gphot. Miguel C. Tavares, Inês D'Orey$gtransl. Andreia Faria, Bennett Bazalgette-Staples, Catarina Chase Aleixo
210 #9 $aPorto$cesad-idea,$d2026
215 ## $a61, [2] p.$cil.$d24 cm
675 ## $a7.05(042)$vBN$zpor$3922018
675 ## $a7.038.5A/Z"19/20"(042)$vBN$zpor$31825883
675 ## $a7.079$vBN$zpor$31710579
701 #1 $aRui,$bAngela$4070$31996319
702 #1 $aLosi,$bMatilde$4340$31996347
702 #1 $aTavares,$bMiguel C.$4600$31996320
702 #1 $aOrey,$bInês de,$f1977-$4600$3261399
702 #1 $aFaria,$bAndreia$f1984-$4730$31361051
702 #1 $aBazalgette-Staples,$bBennett$4730$31996325
702 #1 $aAleixo,$bCatarina Chase$4730$31216516
710 12 $aPorto Design Biennale Time is Present - Designing the Common,$d4,$ePorto,$f2025$31996315
801 #0 $aPT$bBN$gRPC
856 41 $uhttp://rnod.bnportugal.gov.pt/ImagesBN/winlibimg.aspx?skey=&doc=2284763&img=222022&save=true
900 ## $aBIBNAC$d20260507
966 ## $lBN$mFGMON$sB.A. 53746 V.$x1
966 ## $lBN$mFGMON$sB.A. 53746 V.-D$x1
971 ## $corlando$d20260420
972 ## $e0$z0$d20260507$vasantos
973 ## $ctrodrigues$d20260429

Etiqueta de registo: 00000nam 2200025 450
001 2284761
003 http://id.bnportugal.gov.pt/bib/catbnp/2284761
010 ## $a978-989-35953-9-8
010 ## $a978-989-36664-3-2
021 ## $aPT$b560025/26
100 ## $a20260420d2026 m d0pory01030103ba
101 1# $aeng
102 ## $aPT
105 ## $aa z 000yy
106 ## $ar
200 1# $aPlay$fPorto Design Biennale Time is Present - Designing the Common$ged. Angela Rui, Matilde Losi$gtexts Angela Rui... [et al.]$gphot. Miguel C. Tavares, Inês D'Orey$gtransl. Andreia Faria, Bennett Bazalgette-Staples, Catarina Chase Aleixo
210 #9 $aPorto$cesad-idea,$d2026
215 ## $a61, [2] p.$cil.$d24 cm
675 ## $a7.05(042)$vBN$zpor$3922018
675 ## $a7.05A/Z"19/20"(047.53)$vBN$zpor$31897826
675 ## $a7.079$vBN$zpor$31710579
701 #1 $aRui,$bAngela$4070$31996319
702 #1 $aLosi,$bMatilde$4340$31996347
702 #1 $aTavares,$bMiguel C.$4600$31996320
702 #1 $aOrey,$bInês de,$f1977-$4600$3261399
702 #1 $aFaria,$bAndreia$f1984-$4730$31361051
702 #1 $aBazalgette-Staples,$bBennett$4730$31996325
702 #1 $aAleixo,$bCatarina Chase$4730$31216516
710 12 $aPorto Design Biennale Time is Present - Designing the Common,$d4,$ePorto,$f2025$31996315
801 #0 $aPT$bBN$gRPC
856 41 $uhttp://rnod.bnportugal.gov.pt/ImagesBN/winlibimg.aspx?skey=&doc=2284761&img=222021&save=true
900 ## $aBIBNAC$d20260507
966 ## $lBN$mFGMON$sB.A. 53751 V.$x1
966 ## $lBN$mFGMON$sB.A. 53751 V.-D$x1
971 ## $corlando$d20260420
972 ## $e0$z0$d20260507$vasantos
973 ## $ctrodrigues$d20260429
975 ## $e0$d20260508$viquintas

Etiqueta de registo: 00000nam 2200025 450
001 2284758
003 http://id.bnportugal.gov.pt/bib/catbnp/2284758
010 ## $a978-989-35953-9-8
010 ## $a978-989-36664-4-9
021 ## $aPT$b560044/26
100 ## $a20260420d2026 m d0pory01030103ba
101 1# $aeng
102 ## $aPT
105 ## $aa z 000yy
106 ## $ar
200 1# $aListen$fPorto Design Biennale Time is Present - Designing the Common$ged. Angela Rui, Matilde Losi$gtexts Angela Rui... [et al.]$gphot. Miguel C. Tavares, Inês D'Orey$gtransl. Andreia Faria, Bennett Bazalgette-Staples, Catarina Chase Aleixo
210 #9 $aPorto$cesad-idea,$d2026
215 ## $a61, [2] p.$cil.$d24 cm
675 ## $a7.05(042)$vBN$zpor$3922018
675 ## $a7.038.5A/Z"19/20"(042)$vBN$zpor$31825883
675 ## $a7.079$vBN$zpor$31710579
701 #1 $aRui,$bAngela$4070$31996319
702 #1 $aLosi,$bMatilde$4340$31996347
702 #1 $aTavares,$bMiguel C.$4600$31996320
702 #1 $aOrey,$bInês de,$f1977-$4600$3261399
702 #1 $aFaria,$bAndreia$f1984-$4730$31361051
702 #1 $aBazalgette-Staples,$bBennett$4730$31996325
702 #1 $aAleixo,$bCatarina Chase$4730$31216516
710 12 $aPorto Design Biennale Time is Present - Designing the Common,$d4,$ePorto,$f2025$31996315
801 #0 $aPT$bBN$gRPC
856 41 $uhttp://rnod.bnportugal.gov.pt/ImagesBN/winlibimg.aspx?skey=&doc=2284758&img=222020&save=true
900 ## $aBIBNAC$d20260507
966 ## $lBN$mFGMON$sB.A. 53750 V.$x1
966 ## $lBN$mFGMON$sB.A. 53750 V.-D$x1
971 ## $corlando$d20260420
972 ## $e0$z0$d20260507$vasantos
973 ## $ctrodrigues$d20260429
975 ## $e0$d20260508$viquintas

Etiqueta de registo: 00254nam 2200025 450
001 2287395
003 http://id.bnportugal.gov.pt/bib/catbnp/2287395
010 ## $a978-989-33-9036-8
021 ## $aPT$b558587/25
100 ## $a20260602d2025 m y0pory01030103ba
101 0# $apor$aeng
102 ## $aPT
105 ## $ay z 000yy
106 ## $ar
200 1# $aRealismo fantástico$dFantastic realism$fRosândela Rennó$gfot. Rosângela Rennó, Beni Conrad$gtexto Ângela Berlinde$gtrad. Catarina Aleixo$zeng
210 #9 $a[S.l.]$cAccordia*Books,$dD.L. 2025
215 ## $a1 v.$cil.$d18 cm
305 ## $aEd. bilingue em português e inglês
700 #1 $aRennó,$bRosândela $31999889
702 #1 $aConrad,$bBeni $4600$31999890
702 #1 $aBerlinde,$bÂngela $4070$31999893
702 #1 $aAleixo,$bCatarina Chase$4730$31216516
801 #0 $aPT$bBN$gRPC
966 ## $lBN$mFGMON$x1
966 ## $lBN$mFGMON$x1
971 ## $cjbeatriz$d20260602

OpendataBNP@bnportugal.pt | Mais informação sobre acesso aos dados BNP